<?xml version="1.0" encoding="UTF-8"?>
<collection xmlns="http://www.loc.gov/MARC21/slim">
 <record>
  <leader>01655nas a22003251  4500</leader>
  <controlfield tag="001">1/50382</controlfield>
  <controlfield tag="008">031216c19689999enkqrzp       0   a0eng d</controlfield>
  <datafield tag="022" ind1=" " ind2=" ">
   <subfield code="a">0890-8389</subfield>
  </datafield>
  <datafield tag="035" ind1=" " ind2=" ">
   <subfield code="l">24501</subfield>
  </datafield>
  <datafield tag="040" ind1=" " ind2=" ">
   <subfield code="a">DLC</subfield>
   <subfield code="b">GR-PeUP</subfield>
  </datafield>
  <datafield tag="090" ind1=" " ind2=" ">
   <subfield code="a">Αλφαβητική σειρά</subfield>
  </datafield>
  <datafield tag="245" ind1="0" ind2="4">
   <subfield code="a">The British accounting review.</subfield>
  </datafield>
  <datafield tag="260" ind1=" " ind2=" ">
   <subfield code="a">[Bangor, Gwynedd?] :</subfield>
   <subfield code="b">British Accounting Association,</subfield>
   <subfield code="c">[1968]-</subfield>
  </datafield>
  <datafield tag="300" ind1=" " ind2=" ">
   <subfield code="a">v. :</subfield>
   <subfield code="b">ill. ;</subfield>
   <subfield code="c">21 cm.</subfield>
  </datafield>
  <datafield tag="310" ind1=" " ind2=" ">
   <subfield code="a">Quarterly.</subfield>
  </datafield>
  <datafield tag="362" ind1="0" ind2=" ">
   <subfield code="a">Vol.34, no.1( 2002)-v.</subfield>
  </datafield>
  <datafield tag="546" ind1=" " ind2=" ">
   <subfield code="a">English.</subfield>
  </datafield>
  <datafield tag="535" ind1="0" ind2=" ">
   <subfield code="a">Κλειστό Βιβλιοστάσιο.</subfield>
  </datafield>
  <datafield tag="650" ind1=" " ind2="4">
   <subfield code="a">Accounting</subfield>
   <subfield code="v">Periodicals.</subfield>
  </datafield>
  <datafield tag="650" ind1=" " ind2="4">
   <subfield code="a">Accounting</subfield>
   <subfield code="z">Great Britain</subfield>
   <subfield code="v">Periodicals.</subfield>
  </datafield>
  <datafield tag="710" ind1="2" ind2=" ">
   <subfield code="a">British Accounting Association.</subfield>
  </datafield>
  <datafield tag="852" ind1=" " ind2=" ">
   <subfield code="a">INST</subfield>
   <subfield code="b">UNIPILB</subfield>
   <subfield code="c">SERIALS</subfield>
   <subfield code="e">20050208</subfield>
   <subfield code="h">Αλφαβητική σειρά</subfield>
   <subfield code="p">39764</subfield>
   <subfield code="q">39764</subfield>
   <subfield code="t">NOLOAN</subfield>
   <subfield code="v">vol.34;no.4:(Μήνας)December;(Έτος)2002</subfield>
   <subfield code="y">23</subfield>
  </datafield>
  <datafield tag="852" ind1=" " ind2=" ">
   <subfield code="a">INST</subfield>
   <subfield code="b">UNIPILB</subfield>
   <subfield code="c">SERIALS</subfield>
   <subfield code="e">20050311</subfield>
   <subfield code="h">Αλφαβητική σειρά</subfield>
   <subfield code="p">41135</subfield>
   <subfield code="q">41135</subfield>
   <subfield code="t">NOLOAN</subfield>
   <subfield code="v">vol.34;no.1:(Μήνας)March;(Έτος)2002</subfield>
   <subfield code="y">23</subfield>
  </datafield>
  <datafield tag="852" ind1=" " ind2=" ">
   <subfield code="a">INST</subfield>
   <subfield code="b">UNIPILB</subfield>
   <subfield code="c">SERIALS</subfield>
   <subfield code="e">20050311</subfield>
   <subfield code="h">Αλφαβητική σειρά</subfield>
   <subfield code="p">41136</subfield>
   <subfield code="q">41136</subfield>
   <subfield code="t">NOLOAN</subfield>
   <subfield code="v">vol.34;no.2:(Μήνας)June;(Έτος)2002</subfield>
   <subfield code="y">23</subfield>
  </datafield>
  <datafield tag="852" ind1=" " ind2=" ">
   <subfield code="a">INST</subfield>
   <subfield code="b">UNIPILB</subfield>
   <subfield code="c">SERIALS</subfield>
   <subfield code="e">20050311</subfield>
   <subfield code="h">Αλφαβητική σειρά</subfield>
   <subfield code="p">41137</subfield>
   <subfield code="q">41137</subfield>
   <subfield code="t">NOLOAN</subfield>
   <subfield code="v">vol.34;no.3:(Μήνας)September;(Έτος)2002</subfield>
   <subfield code="y">23</subfield>
  </datafield>
  <datafield tag="856" ind1="4" ind2="1">
   <subfield code="u">http://www.sciencedirect.com/science/journal/08908389</subfield>
  </datafield>
  <datafield tag="900" ind1=" " ind2=" ">
   <subfield code="a">Vol. 35 no. 1 (March 2003)</subfield>
   <subfield code="b">Οφειλόμενο</subfield>
   <subfield code="c">18/02/2005</subfield>
  </datafield>
  <datafield tag="950" ind1=" " ind2=" ">
   <subfield code="a">01/03/2002</subfield>
   <subfield code="c">ΑΡΧΕΙΟ ΠΕΡΙΟΔΙΚΩΝ</subfield>
   <subfield code="d">213</subfield>
  </datafield>
  <datafield tag="951" ind1=" " ind2=" ">
   <subfield code="a">Vol. 34 no. 1 (March 2002) - Vol. 34 no. 4 (December 2002)</subfield>
   <subfield code="b">Main run</subfield>
  </datafield>
  <datafield tag="951" ind1=" " ind2=" ">
   <subfield code="a">Vol.34, no.1( 2002)</subfield>
   <subfield code="b">Main run</subfield>
  </datafield>
 </record>
</collection>
